Revelación, fe y credibilidad

-д хадгалсан:
Номзүйн дэлгэрэнгүй
Үндсэн зохиолчид: Ocáriz, Fernando (autor), Blanco, Arturo (Зохиогч)
Формат: Ном
Хэл сонгох:испани
Хэвлэсэн: Madrid Palabra 1998
Нөхцлүүд:
Шошгууд: Шошго нэмэх
Шошго байхгүй, Энэхүү баримтыг шошголох эхний хүн болох!

MARC

LEADER 00000nam a2200000 a 4500
001 UCK0207
003 CL-VaPUC
008 040915e19980000SP |||||||||||||||||spa|d
020 |a 8482392875 
082 0 4 |a 239  |b OCA  |2 21 
100 |a Ocáriz, Fernando  |e autor  |9 488104 
700 0 |a Blanco, Arturo  |e author  |9 488105 
245 1 0 |a Revelación, fe y credibilidad 
246 1 0 |a Colección Pelícano 
300 |a 615 p 
942 |c BK 
945 |d 20040915 00:00:00  |a cmena 
260 |a Madrid  |b Palabra  |c 1998 
600 0 |a Dios  |9 314467 
650 0 |a Apologética  |9 269349 
650 0 |a Filosofía cristiana   |9 265980 
650 0 |a Revelación   |9 313616 
583 |a last modification  |c 20040915 00:00:00  |k Rodrigo Vera 
999 |c 310696  |d 310694 
952 |0 0  |1 0  |4 0  |6 239_000000000000000_OCA_1998  |7 0  |8 A  |9 379592  |a BIBTEO  |b BIBTEO  |d 2019-11-21  |i 406366K  |l 1  |o 239 OCA 1998  |p 406366K  |r 2025-01-17  |s 2024-03-11  |w 2019-11-21  |y BK  |k ICR